00567nam a2200169Ia 4500008004100000020001800041041000800059082001600067100004000083245002900123250000600152260006500158300001600223650000900239999001900248952013000267210716s2011 xx 000 0 und d a9788173668463 aeng a005.43 ROBA aRobbins, Arnold; Beebe, Nelson H F. aClassic shell scripting. a1 aNew DelhibShroff Publishers and Distributors Pvt Ltdc2011 axxii,534,23 aUnix c192490d192490 001040708MCAaAIMITbAIMITeKnowledge Worldg700.00l0o005.43 ROBApMCA11998r2026-05-23 00:00:00v525.00w2021-07-16yBK